Molecular characterization and genetic diversity analysis of Boro rice Germplasm using SSR markers / (Record no. 14820)

MARC details
000 -LEADER
fixed length control field 01196nam a22003017a 4500
003 - CONTROL NUMBER IDENTIFIER
control field BD-DhSAU
005 - DATE AND TIME OF LATEST TRANSACTION
control field 20221017112817.0
008 - FIXED-LENGTH DATA ELEMENTS--GENERAL INFORMATION
fixed length control field 161006b2018 bg ad||| |||| 00| 0 eng d
040 ## - CATALOGING SOURCE
Original cataloging agency BD-DhSAU
082 ## - DEWEY DECIMAL CLASSIFICATION NUMBER
Edition number 22
Classification number 660.6
Item number V124
100 ## - MAIN ENTRY--PERSONAL NAME
Personal name Vabna , Farhana Afrin
Relator code Reg. No. # 12-04439
245 ## - TITLE STATEMENT
Title Molecular characterization and genetic diversity analysis of Boro rice Germplasm using SSR markers /
Remainder of title Ms Thesis
Statement of responsibility, etc. Farhana Afrin Vabna
260 ## - PUBLICATION, DISTRIBUTION, ETC. (IMPRINT)
Place of publication, distribution, etc. Sher- e- Bangla Agricultural University,
Name of publisher, distributor, etc. Department of Biotechnology,
Date of publication, distribution, etc. 2018
300 ## - PHYSICAL DESCRIPTION
Extent xi , 62 p. :
Other physical details ill. ;
Dimensions 30 cm.
500 ## - GENERAL NOTE
General note MS thesis , Department of Biotechnology, Faculty of Agriculture, Sher-e-Bangla Agricultural University, Dhaka, Bangladesh
504 ## - BIBLIOGRAPHY, ETC. NOTE
Bibliography, etc Includes bibliographical references.
590 ## - Name of Cataloguer
Name of Cataloger Shofi
650 ## - SUBJECT ADDED ENTRY--TOPICAL TERM
Topical term or geographic name as entry element Biotechnology
650 ## - SUBJECT ADDED ENTRY--TOPICAL TERM
Topical term or geographic name as entry element Molecular characterization
650 ## - SUBJECT ADDED ENTRY--TOPICAL TERM
Topical term or geographic name as entry element Genetic diversity
650 ## - SUBJECT ADDED ENTRY--TOPICAL TERM
Topical term or geographic name as entry element SSR marker
650 ## - SUBJECT ADDED ENTRY--TOPICAL TERM
Topical term or geographic name as entry element Boro rice
650 ## - SUBJECT ADDED ENTRY--TOPICAL TERM
Topical term or geographic name as entry element Germplasm
700 ## - ADDED ENTRY--PERSONAL NAME
Personal name Hoque, Md. Ekramul
Relator code Supervisor
700 ## - ADDED ENTRY--PERSONAL NAME
Personal name Islam , Mohammad Zahidul
Relator code Co-Supervisor
856 ## - ELECTRONIC LOCATION AND ACCESS
Uniform Resource Identifier <a href="http://archive.saulibrary.edu.bd:8080/xmlui/handle/123456789/2910">http://archive.saulibrary.edu.bd:8080/xmlui/handle/123456789/2910</a>
Link text Online Access
942 ## - ADDED ENTRY ELEMENTS (KOHA)
Source of classification or shelving scheme Dewey Decimal Classification
Koha item type MS Level Thesis
Holdings
Withdrawn status Lost status Source of classification or shelving scheme Damaged status Not for loan Collection code Home library Branch Name Date acquired Total Checkouts Full call number Barcode Date last seen Price effective from Koha item type
    Dewey Decimal Classification   Not For Loan Reference SAU Library SAU Library 04/11/2019   660.6 V124 41519 10/12/2019 10/12/2019 MS Level Thesis